Windows MS Office Internet Dùng trong giảng dạy và nghiên cứu địa lý
Word, excel, powerpoint, internet,...
Spremljeno u:
| Daljnji autori: | , , , |
|---|---|
| Format: | Knjiga |
| Jezik: | Vietnamese |
| Izdano: |
H.
Đại học sư phạm
2005
|
| Teme: | |
| Oznake: |
Dodaj oznaku
Bez oznaka, Budi prvi tko označuje ovaj zapis!
|
| Thư viện lưu trữ: | Mạng thư viện Đại học Đà Nẵng |
|---|
| LEADER | 01461nam a2200397 4500 | ||
|---|---|---|---|
| 001 | 000012886 | ||
| 003 | 9210 | ||
| 005 | 20120302140338.0 | ||
| 008 | 120302s2005 viesd | ||
| 020 | |c 29000đ | ||
| 041 | 0 | |a vie | |
| 082 | |a 005.407 |b Win | ||
| 110 | |a Nguyễn Viết Thịnh | ||
| 245 | 0 | |a Windows MS Office Internet |b Dùng trong giảng dạy và nghiên cứu địa lý |c Nguyễn Viết Thịnh(chủ biên), Phạm Kim Chung, Đỗ Thị Minh Đức, Nguyễn Tường Huy | |
| 260 | |a H. |b Đại học sư phạm |c 2005 | ||
| 300 | |a 209 tr. |b bảng, hình vẽ |c 24 cm | ||
| 500 | |a Phụ lục trang: 202-209 | ||
| 520 | |a Word, excel, powerpoint, internet,... | ||
| 653 | |a Tin học | ||
| 653 | |a Giảng dạy | ||
| 653 | |a nghiên cứu | ||
| 700 | |a Nguyễn Viết Thịnh |e chủ biên | ||
| 700 | |a Phạm Kim Chung |e Tác giả | ||
| 700 | |a Đỗ Thị Minh Đức |e Tác giả | ||
| 700 | |a Nguyễn Tường Huy |e Tác giả | ||
| 910 | |a Thanh |d 26/10/2011 | ||
| OWN | |a LSP | ||
| AVA | |a UDN50 |b LSP |d 005.407 Win |e available |t Error 5001 Not defined in file expand_doc_bib_avail. |f 2 |g 0 |h N |i 0 |k 1 | ||
| 999 | |a From the UDN01 | ||
| AVA | |a UDN50 |b LSP |d 005.407 Win |e available |t Error 5001 Not defined in file expand_doc_bib_avail. |f 2 |g 0 |h N |i 0 |k 1 | ||
| TYP | |a Monograph | ||
| TYP | |a Printed language | ||
| 980 | |a Mạng thư viện Đại học Đà Nẵng | ||